Państwa z największą ilością miliarderów - Statystyki

Ogólne statystyki
  • Ten quiz został rozwiązany 169 razy
  • Średni wynik to 11 z 15
Statystyki odpowiedzi
liczba miliarderów państwo % Poprawnych
705 Stany Zjednoczone
100%
102 Rosja
98%
285 Chiny
97%
55 Francja
92%
146 Niemcy
92%
45 Kanada
87%
97 Wielka Brytania
83%
49 Brazylia
82%
82 Indie
76%
57 Arabia Saudyjska
68%
47 Włochy
66%
91 Szwajcaria
62%
55 Zjednoczone Emiraty Arabskie
58%
39 Singapur
35%
87 (terytorium zależne) Hongkong
24%
Nie znaleziono quizów pasujących do podanych kryteriów
Rozkład punktacji
Procent ludzi z każdym wynikiem
Percentyl według liczby udzielonych odpowiedzi
Twoja historia wyników
Nie rozwiązałeś tego quizu